| 000 | 00493nam a22001937a 4500 | ||
|---|---|---|---|
| 008 | 200220b xxu||||| |||| 00| 0 eng d | ||
| 020 | _a9789994679416 | ||
| 041 | _aNep. | ||
| 082 |
_aN070.4 _bB815p |
||
| 100 | _aBasnet, Sriramsign | ||
| 245 | _aPatrakaritaka aayam | ||
| 260 |
_aKathmandu: _bPairawi Book House, _c2064. |
||
| 300 | _a310p. | ||
| 650 | _aJournalism | ||
| 650 | _aHistory of journalism | ||
| 650 |
_aNews flow _97244 |
||
| 650 | _aBroadcasting | ||
| 942 |
_2ddc _cISBN |
||
| 999 |
_c94089 _d94078 |
||